000 00906cam a22003011 4500
001 10260705
003 NUST-PNEC
005 20170116180708.0
008 750626s1955 nyua 000 0 eng
010 _a 54012252
015 _aGB55-15277
020 _a1122703015
035 _a(OCoLC)1415430
040 _cPNEC
042 _apremarc
050 0 0 _aTK3231
_b.K8 1955
082 _a621.3 KUR
100 1 _aKurtz, Edwin Bernard,
_d1894-
245 1 4 _aThe lineman's handbook.
250 _a3d ed.
260 _aNew York,
_bMcGraw-Hill,
_c1955.
300 _a1 v.
_billus.
_c21 cm.
490 0 _aMcGraw-Hill handbooks
500 _ahttp://www.amazon.com/Linemans-Handbook-3rd-Edwin-Kurtz/dp/B000QA83G2/ref=sr_1_1?s=books&ie=UTF8&qid=1412056161&sr=1-1&keywords=1122703015
650 0 _aOverhead electric lines.
_xEE
906 _a7
_bcbc
_coclcrpl
_du
_encip
_f19
_gy-gencatlg
942 _2ddc
_cBK
999 _c60815
_d60815